000
00304nam a2200121Ia 4500
003
GCL
008
140319s9999 xx 000 0 eng d
040
_a
GCL /
_c
GCL
082
0
4
_a
092.530
_b
FW
245
1
0
_a
What Little\ Remmber
260
_a
[S.N] :
_b
Macmillan Publishing Company ،
_c
1991
300
_a
227 P
999
_c
18596
_d
18596